| 000 | 00724nam a2200265Ia 4500 | ||
|---|---|---|---|
| 001 | 5008 | ||
| 005 | 20240113233812.0 | ||
| 007 | ta | ||
| 008 | 050616s1990 a g b000 u eng u | ||
| 020 | _a81-85-375-15-1 | ||
| 040 | _aCotton College,Assam | ||
| 041 | _aeng | ||
| 082 |
_a597 _bBi 54 Te |
||
| 100 | _aBiswas, Kamakhya Pada . | ||
| 245 | 0 |
_aA Textbook of Fish Fisheries and Technology / _cKamakhya Pada Biswas. _hTextual Documents |
|
| 250 | _a1st ed. / | ||
| 260 |
_aDelhi : _bNarendra Publishing House , _c1990. |
||
| 300 |
_avi, 531p. : _bill. ; _c22cm . |
||
| 653 | _aZoology | ||
| 653 | _aFish culture | ||
| 653 | _aPG-Zoology | ||
| 942 |
_2ddc _cBK |
||
| 999 |
_c4995 _d4995 |
||